Elektromagnetické vlny /

Hlavní autor: Čechová, Marie, 1936-
Jazyk: Čeština
Vydáno: Olomouc : Univerzita Palackého, 1989
Vydání: 1. vyd.
Témata:
Fyzický popis: 159 s.
Knihy
Uloženo v:
LEADER 00929nam a22002772a 4500
001 000153729
003 CZ BrMZK
005 20071210081739.0
007 ta
008 010907s1989 xr f cze d
015 |a cnb000047512 
035 |a (OCoLC)39424774 
040 |a BOA001  |b cze 
080 9 |a 537.86(075.8) 
100 1 |a Čechová, Marie,  |d 1936-  |7 jn19981002546  |4 aut 
245 1 0 |a Elektromagnetické vlny /  |c Marie Čechová 
250 |a 1. vyd. 
260 |a Olomouc :  |b Univerzita Palackého,  |c 1989 
300 |a 159 s. 
504 |a Obsahuje bibliografii 
910 |a BOA001  |b PK-N-0027.688  |b 4-0941.898 
920 |a 000390906 
964 |a Vlny elektromagnetické - učebnice - školy vysoké 
990 |a BK 
996 7 |b 2619804941  |c 4-0941.898  |l MZK  |r Sklad / do 1 hodiny  |n 9  |w 000153729  |u 000020  |a 1  |e BOA001  |j MZK50  |s A 
996 7 |b 3119951472  |c PK-N-0027.688  |l MZK  |r Sklad / do 1 hodiny  |n 6  |w 000153729  |u 000010  |a 1  |e BOA001  |j MZK50  |s A